00480nam a2200169Ia 450000500170000000800410001702000180005808200130007610000130008924500160010226000380011830000120015665000220016894200060019095200990019699900150029520250508045413.0240331s9999 xx 000 0 und d a9789558354186 bFARa891 aFaris, K 0aThean koodu aColombobGnanam Pathippagamc2007 a72 p ., aPalar Kavithaikal cL 001040708LaWERCLbWERCLcSSCd2024-03-31l0o 894.811 FARp6599r2024-03-31w2024-03-31yL c4970d4970